| 000 | 00508cam a22002054a 4500 | ||
|---|---|---|---|
| 005 | 20250605164326.0 | ||
| 008 | 250528s ||||||||||||||||||||||||d | ||
| 035 | _a23051 | ||
| 020 | _a9780130284037 | ||
| 040 |
_aGR-AtMCL _bgre _dGR-AtMCL _eAACR2 |
||
| 245 | 1 | _aUNDERSTANDING BEHAVIORS FOR EFFECTIVE LEADERSHIP | |
| 250 | _a1 | ||
| 260 |
_bPrentice Hall, _c2001 |
||
| 300 | _a346 | ||
| 700 | 1 |
_aCostley Dan L _9464 |
|
| 700 | 1 |
_aHowell Jon P _9465 |
|
| 942 | _cBK | ||
| 999 |
_c8091 _d8091 |
||